000 00571nam a22001817a 4500
005 20251108172954.0
008 250721s2004 xx 000 0 ara d
082 1 4 _a823.942/حمي
100 1 _aحميد، حسن
245 1 0 _aالبقع الأرجوانية في الرواية الغربية /
264 1 _aالرياض :
_bمؤسسة اليمامة الصحفية،
_c2004.
300 _a256 ص
490 0 _aكتاب الرياض
_v124
650 1 7 _aالنقد الأدبي
650 1 7 _aالقصص الإنجليزية
942 _2ddc
_cBK
999 _c93090
_d93090